| 000 -LEADER |
| fixed length control field |
00727nam a2200193Ia 4500 |
| 001 - CONTROL NUMBER |
| control field |
5030 |
| 003 - CONTROL NUMBER IDENTIFIER |
| control field |
GE_BSU |
| 008 - FIXED-LENGTH DATA ELEMENTS--GENERAL INFORMATION |
| fixed length control field |
181216s||||||||xx |||||||||||||| ||und|| |
| 040 ## - CATALOGING SOURCE |
| Transcribing agency |
GE_BSU |
| 080 ## - UNIVERSAL DECIMAL CLASSIFICATION NUMBER |
| Universal Decimal Classification number |
517.2 |
| 100 ## - MAIN ENTRY--PERSONAL NAME |
| Personal name |
Фрелихер,А; Бухер,В. |
| 245 ## - TITLE STATEMENT |
| Title |
Дифференциальное исчисление в екторных пространствах без нормы. |
| 245 ## - TITLE STATEMENT |
| Statement of responsibility, etc. |
Под. ред. и с доп. В.И. Авербуха и О.Г. Смолянова Пер с английского |
| 260 ## - PUBLICATION, DISTRIBUTION, ETC. |
| Place of publication, distribution, etc. |
Москва |
| 260 ## - PUBLICATION, DISTRIBUTION, ETC. |
| Date of publication, distribution, etc. |
1970 |
| 300 ## - PHYSICAL DESCRIPTION |
| Extent |
166стр. |
| 653 ## - INDEX TERM--UNCONTROLLED |
| Uncontrolled term |
Дифференциальное исчисление в векторных пространствах |
| 942 ## - ADDED ENTRY ELEMENTS (KOHA) |
| Koha item type |
წიგნი |